000 00768cam a22002411 4500
001 3135
003 BD-RjUL
005 20211208233700.0
008 131218s1967 nyu 001 0 eng
035 _a(BD-RjUL)
040 _aDLC
_cDLC
_dDLC
_dBD-RjUL
_beng
041 _aeng
082 _2338.1
_bSOA
100 1 _aSouthworth, Herman McDowell,
_d1909- [from old catalog]
_99931
245 0 0 _aAgricultural development and economic growth /
_cEdited by Herman M. Southworth and Bruce F. Johnston.
260 _aIthaca, N.Y.,
_bCornell University Press
_cc1967[printing1970]
300 _axv, 608 p.;
_c24 cm.
500 _a"First published 1967."
504 _aIncludes index
650 _aAgricultural economics
_9134483
942 _2ddc
_cBK
999 _c3135
_d3135